Historia gráfica de la II Guerra Mundial (Record no. 9203)

MARC details
000 -LEADER
campo de control de longitud fija 00992nmm a2200277 a 4500
003 - IDENTIFICADOR DE NÚMERO DE CONTROL
campo de control AR-BaBNM
005 - FECHA Y HORA DE LA ÚLTIMA TRANSACCIÓN
campo de control 20251128204903.0
008 - DATOS DE LONGITUD FIJA--INFORMACIÓN GENERAL
campo de control de longitud fija 303119s1980 ||||||||||||||000 | spa||
020 ## - NÚMERO INTERNACIONAL ESTÁNDAR DEL LIBRO
Número Internacional Estándar del Libro 84-214-0237-4
040 ## - FUENTE DE CATALOGACIÓN
Centro/agencia transcriptor AR-BaBNM
245 10 - MENCIÓN DEL TÍTULO
Título Historia gráfica de la II Guerra Mundial
Resto del título el bloqueo
260 ## - PUBLICACIÓN, DISTRIBUCIÓN, ETC.
Lugar de publicación, distribución, etc. Barcelona
Nombre del editor, distribuidor, etc. Aura
Fecha de publicación, distribución, etc. 1980
300 ## - DESCRIPCIÓN FÍSICA
Extensión 220 p.
Otros detalles físicos il.
500 ## - NOTA GENERAL
Nota general Indice de Organismos, Agencias de Prensa, Editores y Periodistas que facilitaron el material para la obra en p. 217
520 ## - RESUMEN, ETC.
Sumario, etc. comprende desde la batalla de Inglaterra hasta la domincación japonesa del Extremo Oriente
650 #4 - PUNTO DE ACCESO ADICIONAL DE MATERIA--TÉRMINO DE MATERIA
Término de materia o nombre geográfico como elemento de entrada HISTORIA CONTEMPORANEA
650 #4 - PUNTO DE ACCESO ADICIONAL DE MATERIA--TÉRMINO DE MATERIA
Término de materia o nombre geográfico como elemento de entrada SEGUNDA GUERRA MUNDIAL
650 #4 - PUNTO DE ACCESO ADICIONAL DE MATERIA--TÉRMINO DE MATERIA
Término de materia o nombre geográfico como elemento de entrada SIGLO VEINTE
650 #4 - PUNTO DE ACCESO ADICIONAL DE MATERIA--TÉRMINO DE MATERIA
Término de materia o nombre geográfico como elemento de entrada SEGUNDA GUERRA MUNDIAL
700 1# - ENTRADA AGREGADA--NOMBRE PERSONAL
Nombre de persona Rothberg, Abraham
Término indicativo de función/relación comentarios
700 1# - ENTRADA AGREGADA--NOMBRE PERSONAL
Nombre de persona Fredericks, Pierce G.
Término indicativo de función/relación selección fotográfica
700 1# - ENTRADA AGREGADA--NOMBRE PERSONAL
Nombre de persona O'Keefe, Michael
Término indicativo de función/relación selección fotográfica
700 1# - ENTRADA AGREGADA--NOMBRE PERSONAL
Nombre de persona de la Torre, Jesús
Término indicativo de función/relación traductor
942 ## - ELEMENTOS DE ENTRADA SECUNDARIOS (KOHA)
Tipo de ítem Koha Libros
998 ## - INFORMACIÓN DE CONTROL LOCAL (RLIN)
Iniciales del catalogador, CIN (RLIN) Jacobzon
Holdings
Estatus retirado Estado de pérdida Fuente de la clasificación o esquema de estantería Estado de daño Restricciones de uso No para préstamo Biblioteca de origen Biblioteca actual Fecha de adquisición Total de préstamos Signatura topográfica completa Código de barras Visto por última vez Precio de reemplazo Tipo de ítem Koha
    Clasificación Decimal Dewey   Acceso restringido No para préstamo Liberty Liberty 28/11/2025   940.53 C-HIS 2 052414 28/11/2025 28/11/2025 Libros